| 000 | 00815nam a22002297a 4500 | ||
|---|---|---|---|
| 005 | 20250714103403.0 | ||
| 008 | 250714b |||||||| |||| 00| 0 eng d | ||
| 020 | _a978-81-19838-04-2(hbk) | ||
| 037 | _cTB | ||
| 040 |
_aCRL _cCRL |
||
| 041 | _2pun | ||
| 084 |
_aO153,1NGEx R3 _qCRL |
||
| 100 |
_aਸੁਰਿੰਦਰ ਗੀਤ _9815478 |
||
| 245 | _aਮੇਰੀ ਚੌਵਵੀਂ ਕਵਿਤਾ | ||
| 260 |
_aਦਿੱਲੀ, ਭਾਰਤ : _bਨਵਯੁਗ, _c2023 |
||
| 300 | _a180 ਪ. | ||
| 365 |
_b350.00 _cINR |
||
| 650 | _2ਪੰਜਾਬੀ ਸਾਹਿਤ | ||
| 650 | _2ਪੰਜਾਬੀ ਕਾਵਿ | ||
| 942 |
_2CC _cTB _hO153,1NGEx R3 _n0 |
||
| 999 |
_c1433613 _d1433613 |
||